[Event "BCF-chT3 0405 (4NCL)"]
[Site "Telford"]
[Date "2005.04.16"]
[Round "7.6"]
[White "Bailey, Kevin J"]
[Black "Mutton, Jonathan B"]
[Result "1-0"]
[WhiteElo "2135"]
[BlackElo "2197"]
[PlyCount "70"]
[EventDate "2004.11.06"]
[EventType "team"]
[EventRounds "11"]
[EventCountry "ENG"]
[SourceTitle "EXT 2006"]
[Source "ChessBase"]
[SourceDate "2005.11.24"]
[SourceVersion "1"]
[SourceVersionDate "2005.11.24"]
[SourceQuality "1"]
[WhiteTeam "Poisoned Pawns II"]
[BlackTeam "Cambridge"]
[WhiteTeamCountry "ENG"]
[BlackTeamCountry "ENG"]

1. d4 Nf6 2. Nf3 e6 3. e3 b6 4. Bd3 Bb7 5. 0-0 d6 6. Qe2 Nbd7 7. e4 e5 8. c3 g6 9. Nbd2 Bg7 10. Re1 0-0 11. dxe5 dxe5 12. b4 a5 13. Bb2 Qe7 14. a3 Nh5 15. g3 Kh8 16. Rad1 Qe6 17. Bc4 Qg4 18. Nh4 Qxe2 19. Rxe2 Ndf6 20. f3 Rad8 21. Ree1 Ne8 22. Nf1 Nd6 23. Be2 f5 24. exf5 gxf5 25. f4 exf4 26. Bxh5 Nc4 27. Ba1 Nxa3 28. Rxd8 Rxd8 29. Nxf5 Nc2 30. Re7 Bf6 31. Re6 Bg5 32. Bb2 Bc8 33. c4+ Kg8 34. Ne7+ Kf8 35. Nxc8 Rxc8 1-0

[Event "BCF-chT4 0304 (4NCL)"]
[Site "West Bromwich "]
[Date "2004.06.20"]
[Round "11.3"]
[White "Mutton, Jonathan B"]
[Black "Jones, Derek C"]
[Result "1-0"]
[WhiteElo "2186"]
[BlackElo "1944"]
[PlyCount "35"]
[EventDate "2003.10.??"]
[EventType "team"]
[EventRounds "11"]
[EventCountry "ENG"]
[SourceTitle "EXT 2005"]
[Source "ChessBase"]
[SourceDate "2004.11.15"]
[SourceVersion "1"]
[SourceVersionDate "2004.11.15"]
[SourceQuality "1"]
[WhiteTeam "Cambridge"]
[BlackTeam "Pontypridd"]
[WhiteTeamCountry "ENG"]
[BlackTeamCountry "ENG"]

1. e4 c5 2. Nc3 Nc6 3. Bb5 Nd4 4. Bc4 g6 5. Nf3 Bg7 6. Nxd4 cxd4 7. Qf3 Nh6 8. Ne2 0-0 9. d3 e5 10. Qg3 d6 11. h4 Kh8 12. h5 Ng4 13. f3 Ne3 14. Bxe3 dxe3 15. hxg6 h6 16. Bxf7 Qa5+ 17. c3 Bd7 18. Qg5 1-0

[Event "BCF-chT4 0304 (4NCL)"]
[Site "West Bromwich "]
[Date "2004.06.19"]
[Round "10.4"]
[White "Fowler, Simon"]
[Black "Mutton, Jonathan B"]
[Result "0-1"]
[WhiteElo "2119"]
[BlackElo "2186"]
[PlyCount "82"]
[EventDate "2003.10.??"]
[EventType "team"]
[EventRounds "11"]
[EventCountry "ENG"]
[SourceTitle "EXT 2005"]
[Source "ChessBase"]
[SourceDate "2004.11.15"]
[SourceVersion "1"]
[SourceVersionDate "2004.11.15"]
[SourceQuality "1"]
[WhiteTeam "Hilsmark Kingfisher II"]
[BlackTeam "Cambridge"]
[WhiteTeamCountry "ENG"]
[BlackTeamCountry "ENG"]

1. d4 Nf6 2. Bg5 d5 3. Bxf6 gxf6 4. c4 dxc4 5. e4 f5 6. Bxc4 Bg7 7. Qh5 0-0 8. Nf3 Nd7 9. Bxf7+ Rxf7 10. Ng5 Rf6 11. Qxh7+ Kf8 12. e5 Nxe5 13. Qh5 Rh6 14. Qd1 Nf7 15. Nf3 Re6+ 16. Kf1 b6 17. Nc3 Bb7 18. d5 Rd6 19. Qc2 Qd7 20. Nh4 Bxd5 21. Nxd5 Rxd5 22. Re1 Kg8 23. Ng6 e6 24. h4 Rd8 25. Rh3 Rd1 26. Ne7+ Kh7 27. Nc6 Qd2 28. Qxd2 R8xd2 29. Rxd1 Rxd1+ 30. Ke2 Rb1 31. Rd3 Rxb2+ 32. Kf3 Rc2 33. Rd7 Rxc6 34. Rxf7 Kg6 35. Rd7 Bf6 36. g3 a5 37. Kg2 a4 38. f3 Rc2+ 39. Kh3 a3 40. g4 fxg4+ 41. fxg4 Rc3+ 0-1

[Event "BCF-chT4 0304 (4NCL)"]
[Site "West Bromwich "]
[Date "2004.05.30"]
[Round "8.4"]
[White "Mutton, Jonathan B"]
[Black "Payne, Oliver"]
[Result "0-1"]
[WhiteElo "2186"]
[BlackElo "2033"]
[PlyCount "68"]
[EventDate "2003.10.??"]
[EventType "team"]
[EventRounds "11"]
[EventCountry "ENG"]
[SourceTitle "EXT 2005"]
[Source "ChessBase"]
[SourceDate "2004.11.15"]
[SourceVersion "1"]
[SourceVersionDate "2004.11.15"]
[SourceQuality "1"]
[WhiteTeam "Cambridge"]
[BlackTeam "Slough III"]
[WhiteTeamCountry "ENG"]
[BlackTeamCountry "ENG"]

1. e4 e6 2. Qe2 c5 3. Nf3 Nc6 4. g3 b6 5. Bg2 Bb7 6. 0-0 Nge7 7. d3 d5 8. e5 Nf5 9. c3 Be7 10. Nbd2 h5 11. h4 g5 12. hxg5 Bxg5 13. Nxg5 Qxg5 14. Ne4 Qg6 15. Nf6+ Kd8 16. Bf4 h4 17. g4 h3 18. Bh1 Nce7 19. Kh2 Nh6 20. Bxh6 Qxh6 21. f4 Kc7 22. Qf3 Ng6 23. Nh5 Rag8 24. Rae1 Ne7 25. Nf6 Rb8 26. Qg3 Ba6 27. Rf3 Ng6 28. Nh5 Rbg8 29. Qxh3 Bxd3 30. Rxd3 Nxf4 31. Qh4 Nxd3 32. Qe7+ Kc8 33. Bf3 Qf4+ 34. Kg2 Nxe1+ 0-1

[Event "BCF-chT4 0304 (4NCL)"]
[Site "West Bromwich "]
[Date "2004.05.29"]
[Round "7.3"]
[White "Coleman, James"]
[Black "Mutton, Jonathan B"]
[Result "1/2-1/2"]
[WhiteElo "2187"]
[BlackElo "2186"]
[PlyCount "118"]
[EventDate "2003.10.??"]
[EventType "team"]
[EventRounds "11"]
[EventCountry "ENG"]
[SourceTitle "EXT 2005"]
[Source "ChessBase"]
[SourceDate "2004.11.15"]
[SourceVersion "1"]
[SourceVersionDate "2004.11.15"]
[SourceQuality "1"]
[WhiteTeam "Oxford"]
[BlackTeam "Cambridge"]
[WhiteTeamCountry "ENG"]
[BlackTeamCountry "ENG"]

1. d4 Nf6 2. Bg5 d5 3. e3 c5 4. Bxf6 gxf6 5. c4 dxc4 6. Bxc4 cxd4 7. Qxd4 Qxd4 8. exd4 Nc6 9. Ne2 Bg7 10. Nbc3 0-0 11. 0-0 f5 12. Rad1 Rd8 13. Rfe1 b6 14. a3 Bb7 15. d5 Ne5 16. Ba2 Ba6 17. Nf4 Bc4 18. Nh5 Bxa2 19. Nxa2 Bh8 20. Ng3 f4 21. Nf5 Kf8 22. Nb4 Rac8 23. Nc6 Nxc6 24. dxc6 e6 25. Rxd8+ Rxd8 26. c7 Rc8 27. Rd1 Bf6 28. Nd4 Rxc7 29. h3 Rc4 30. Nb5 Bxb2 31. Rd7 Rc1+ 32. Kh2 Be5 33. Nxa7 f3+ 34. g3 Rc7 35. Rxc7 Bxc7 36. Nc6 e5 37. Nb4 Bd6 38. Nd5 Bc5 39. Nf6 Ke7 40. Nxh7 Bxa3 41. Ng5 b5 42. Nxf3 Ke6 43. Nd2 b4 44. Kg2 Kd5 45. Kf3 Kd4 46. Nb3+ Kc3 47. Na5 Kd3 48. Nb3 Bb2 49. h4 f5 50. h5 Kc3 51. Na5 Bc1 52. g4 e4+ 53. Kg2 fxg4 54. Kg3 Kd3 55. Kxg4 Ke2 56. Kf5 Kf3 57. Nb3 Bb2 58. Nd2+ Kxf2 59. Nxe4+ Ke2 1/2-1/2

[Event "BCF-chT 0203 (4NCL)"]
[Site "West Bromwich"]
[Date "2003.01.19"]
[Round "4.6"]
[White "Mutton, Jonathan B"]
[Black "Trent, Lawrence"]
[Result "0-1"]
[WhiteElo "2197"]
[BlackElo "2257"]
[PlyCount "54"]
[EventDate "2002.11.??"]
[EventType "team"]
[EventRounds "11"]
[EventCountry "ENG"]
[SourceTitle "EXT 2004"]
[Source "ChessBase"]
[SourceDate "2003.11.25"]
[SourceVersion "1"]
[SourceVersionDate "2003.11.25"]
[SourceQuality "1"]
[WhiteTeam "PYO"]
[BlackTeam "Barbican II"]
[WhiteTeamCountry "ENG"]
[BlackTeamCountry "ENG"]

1. e4 e5 2. Nf3 Nc6 3. Bb5 Nge7 4. 0-0 g6 5. c3 Bg7 6. d4 exd4 7. cxd4 d5 8. exd5 Nxd5 9. Re1+ Be6 10. Bxc6+ bxc6 11. Ne5 0-0 12. Nd2 Re8 13. Nxc6 Qd6 14. Ne5 Bf5 15. Ndf3 Rab8 16. b3 Qa6 17. Bb2 Nb4 18. Nh4 Be6 19. Qd2 f6 20. Nc4 Bxc4 21. Rxe8+ Rxe8 22. Qxb4 Bd5 23. h3 Qe2 24. Qc3 f5 25. Rc1 Bh6 26. Rf1 Bd2 27. Qg3 Qxf1+ 0-1

[Event "BCF-chT 0203 (4NCL)"]
[Site "West Bromwich"]
[Date "2003.01.18"]
[Round "3.6"]
[White "Prie, Eric"]
[Black "Mutton, Jonathan B"]
[Result "1-0"]
[WhiteElo "2446"]
[BlackElo "2197"]
[PlyCount "73"]
[EventDate "2002.11.??"]
[EventType "team"]
[EventRounds "11"]
[EventCountry "ENG"]
[SourceTitle "EXT 2004"]
[Source "ChessBase"]
[SourceDate "2003.11.25"]
[SourceVersion "1"]
[SourceVersionDate "2003.11.25"]
[SourceQuality "1"]
[WhiteTeam "Guildford"]
[BlackTeam "PYO"]
[WhiteTeamCountry "ENG"]
[BlackTeamCountry "ENG"]

1. Nf3 Nf6 2. c4 e6 3. Nc3 Bb4 4. g4 d5 5. Qb3 Nc6 6. g5 dxc4 7. Qxc4 Nd5 8. Bg2 0-0 9. 0-0 Nb6 10. Qh4 Qe7 11. Ne4 Nd5 12. d3 e5 13. Ng3 Bd6 14. Nh5 Qe6 15. h3 Nce7 16. Qc4 Bd7 17. Bd2 Bc6 18. e4 Nf4 19. Nxf4 exf4 20. Qxe6 fxe6 21. Rfe1 e5 22. Bc3 Ng6 23. h4 Rfe8 24. h5 Nf8 25. d4 exd4 26. Nxd4 Be5 27. Nxc6 bxc6 28. Rac1 c5 29. Red1 Bxc3 30. Rxc3 Re5 31. Rd5 Rxd5 32. exd5 Rb8 33. b3 Rb5 34. Bf1 Ra5 35. a4 Nd7 36. Bb5 Nb8 37. Rxc5 1-0

[Event "BCF-chT 0203 (4NCL)"]
[Site "West Bromwich"]
[Date "2002.11.24"]
[Round "2.6"]
[White "Mutton, Jonathan B"]
[Black "Ledger, Dave J"]
[Result "1/2-1/2"]
[WhiteElo "2197"]
[BlackElo "2267"]
[PlyCount "42"]
[EventDate "2002.11.??"]
[EventType "team"]
[EventRounds "11"]
[EventCountry "ENG"]
[SourceTitle "EXT 2004"]
[Source "ChessBase"]
[SourceDate "2003.11.25"]
[SourceVersion "1"]
[SourceVersionDate "2003.11.25"]
[SourceQuality "1"]
[WhiteTeam "PYO"]
[BlackTeam "BET"]
[WhiteTeamCountry "ENG"]
[BlackTeamCountry "ENG"]

1. d4 f5 2. c4 Nf6 3. Nf3 e6 4. d5 Bb4+ 5. Bd2 Qe7 6. Nc3 e5 7. Qc2 Bxc3 8. Bxc3 d6 9. b4 0-0 10. g3 Ne4 11. Bb2 a5 12. a3 axb4 13. axb4 Rxa1+ 14. Bxa1 f4 15. Bg2 Bf5 16. Qb2 fxg3 17. hxg3 Ng5 18. Nxg5 Qxg5 19. 0-0 Nd7 20. Qc1 Qh5 21. f3 Bh3 1/2-1/2

[Event "BCF-ch 89th"]
[Site "Torquay"]
[Date "2002.08.09"]
[Round "11"]
[White "Mutton, Jonathan B"]
[Black "Hutchinson, Paul A"]
[Result "0-1"]
[WhiteElo "2211"]
[BlackElo "2245"]
[PlyCount "98"]
[EventDate "2002.07.29"]
[EventType "swiss"]
[EventRounds "11"]
[EventCountry "ENG"]
[SourceTitle "CBM 091"]
[Source "ChessBase"]
[SourceDate "2002.11.12"]
[SourceVersion "1"]
[SourceVersionDate "2002.11.12"]
[SourceQuality "1"]

1. d4 d5 2. Nf3 c6 3. c4 e6 4. cxd5 exd5 5. Nc3 Nf6 6. Bg5 Be7 7. e3 Bf5 8. Bd3 Bxd3 9. Qxd3 Nbd7 10. 0-0 0-0 11. Rab1 Ne4 12. Bxe7 Qxe7 13. b4 Rac8 14. b5 Nb6 15. Ne2 Nc4 16. Rb3 g5 17. bxc6 bxc6 18. Rfb1 g4 19. Ne5 Ncd2 20. Rb7 Qf6 21. Nxg4 Qg5 22. Ne5 Nxb1 23. Qxb1 Qf5 24. f3 Nd6 25. Qxf5 Nxf5 26. Kf2 f6 27. Nd3 Rf7 28. Rb3 Re7 29. Nc5 Rce8 30. e4 dxe4 31. fxe4 Nd6 32. Ng3 Kf7 33. Kf3 Rd8 34. a4 Ree8 35. Nh5 Nc4 36. Rd3 Nb6 37. a5 Nd7 38. Nxd7 Rxd7 39. Nf4 Rb8 40. d5 cxd5 41. Nxd5 Rb5 42. Ra3 f5 43. Nc3 Rc5 44. Ke3 Kf6 45. exf5 Re5+ 46. Ne4+ Kxf5 47. Ra4 Rdd5 48. a6 Ra5 49. Rc4 Ra3+ 0-1

[Event "BCF-ch 89th"]
[Site "Torquay"]
[Date "2002.08.03"]
[Round "6"]
[White "Mutton, Jonathan B"]
[Black "Douglas, Timothy"]
[Result "0-1"]
[WhiteElo "2211"]
[BlackElo "2174"]
[PlyCount "80"]
[EventDate "2002.07.29"]
[EventType "swiss"]
[EventRounds "11"]
[EventCountry "ENG"]
[SourceTitle "CBM 091"]
[Source "ChessBase"]
[SourceDate "2002.11.12"]
[SourceVersion "1"]
[SourceVersionDate "2002.11.12"]
[SourceQuality "1"]

1. e4 g6 2. d4 d6 3. Nc3 c6 4. Bc4 Bg7 5. Qf3 e6 6. Nge2 Nd7 7. 0-0 Qe7 8. Qg3 Ngf6 9. Bg5 h6 10. Be3 e5 11. f4 b5 12. Bd3 0-0 13. dxe5 dxe5 14. f5 b4 15. Nd1 Nc5 16. fxg6 Ncxe4 17. Qh4 Ng5 18. Bxg5 hxg5 19. Qxg5 fxg6 20. Qxg6 Qc5+ 21. Kh1 e4 22. Bxe4 Nxe4 23. Rxf8+ Qxf8 24. Qxe4 Qf1+ 25. Ng1 Bf5 26. Qf3 Qxf3 27. Nxf3 Bxc2 28. Ne3 Bxb2 29. Re1 Bc3 30. Rc1 Be4 31. Nd1 Bf6 32. Rc4 Rd8 33. Nf2 Bd3 34. Rxc6 Bc3 35. h4 a5 36. Rc7 a4 37. Ng4 Bb1 38. Nh6+ Kf8 39. Rf7+ Ke8 40. Ra7 Bxa2 0-1

[Event "BCF-ch 89th"]
[Site "Torquay"]
[Date "2002.07.31"]
[Round "3"]
[White "Lalic, Bogdan"]
[Black "Mutton, Jonathan B"]
[Result "1-0"]
[WhiteElo "2540"]
[BlackElo "2211"]
[PlyCount "75"]
[EventDate "2002.07.29"]
[EventType "swiss"]
[EventRounds "11"]
[EventCountry "ENG"]
[SourceTitle "CBM 091"]
[Source "ChessBase"]
[SourceDate "2002.11.12"]
[SourceVersion "1"]
[SourceVersionDate "2002.11.12"]
[SourceQuality "1"]

1. d4 Nf6 2. c4 e6 3. Nf3 Bb4+ 4. Bd2 Be7 5. Nc3 d5 6. Bg5 dxc4 7. e4 0-0 8. Bxc4 h6 9. Bxf6 Bxf6 10. e5 Be7 11. Qe2 c6 12. h4 Nd7 13. 0-0-0 Re8 14. Kb1 b5 15. Bd3 b4 16. Ne4 a5 17. Ng3 Qb6 18. Qe4 Nf8 19. Qg4 Ba6 20. Be4 Ra7 21. Nh5 g6 22. Qf4 Nh7 23. Qxh6 Bf8 24. Qf4 gxh5 25. Rh3 Bg7 26. Rg3 Nf8 27. Qg5 Ng6 28. Bxg6 fxg6 29. Qxg6 Ree7 30. Ng5 Be2 31. Ne4 Bg4 32. Nf6+ Kf8 33. Nxg4 hxg4 34. h5 Bh8 35. Rxg4 Rg7 36. Qh6 Kg8 37. Qxe6+ Raf7 38. Rxg7+ 1-0

[Event "BCF-chT2 0102 (4NCL)"]
[Site "Birmingham"]
[Date "2002.05.05"]
[Round "10.4"]
[White "Hinks Edwards, Thomas RJ"]
[Black "Mutton, Jonathan B"]
[Result "1/2-1/2"]
[WhiteElo "2322"]
[BlackElo "2196"]
[PlyCount "51"]
[EventDate "2001.09.22"]
[EventType "team"]
[EventRounds "11"]
[EventCountry "ENG"]
[SourceTitle "EXT 2003"]
[Source "ChessBase"]
[SourceDate "2002.11.25"]
[SourceVersion "1"]
[SourceVersionDate "2002.11.25"]
[SourceQuality "1"]
[WhiteTeam "Richmond"]
[BlackTeam "PYO"]
[WhiteTeamCountry "ENG"]
[BlackTeamCountry "ENG"]

1. e4 c5 2. Nc3 Nc6 3. g3 g6 4. Bg2 Bg7 5. d3 d6 6. Be3 Nf6 7. h3 Nd4 8. Nce2 e5 9. c3 Nxe2 10. Nxe2 0-0 11. 0-0 b6 12. c4 Bb7 13. f4 exf4 14. Nxf4 Nd7 15. Qd2 Qe7 16. Rae1 Qe5 17. Re2 Rae8 18. Bf2 Nb8 19. Nd5 Nc6 20. Be3 Nd4 21. Ref2 Bxd5 22. Bf4 Qe7 23. cxd5 b5 24. Bg5 Qe5 25. Bf4 Qe7 26. Bg5 1/2-1/2

[Event "Southend op"]
[Site "London"]
[Date "2001.04.13"]
[Round "1"]
[White "Mutton, Jonathan B"]
[Black "Bridger, Michael J"]
[Result "1-0"]
[WhiteElo "2173"]
[BlackElo "1720"]
[PlyCount "89"]
[EventDate "2001.04.13"]
[EventType "swiss"]
[EventRounds "7"]
[EventCountry "ENG"]
[SourceTitle "EXT 2006"]
[Source "ChessBase"]
[SourceDate "2005.11.24"]
[SourceVersion "1"]
[SourceVersionDate "2005.11.24"]
[SourceQuality "1"]

1. e4 e6 2. d3 d5 3. Qe2 Nf6 4. g3 Be7 5. Bg2 c6 6. Nf3 Na6 7. 0-0 Nc7 8. Nbd2 b6 9. c4 Bb7 10. b3 Nd7 11. Bb2 Bf6 12. e5 Be7 13. Ne1 g6 14. Nc2 h5 15. h3 Nf8 16. Ne3 Qd7 17. cxd5 Nxd5 18. Ne4 Nxe3 19. fxe3 Rh7 20. d4 Qc7 21. a4 Nd7 22. Ba3 Bxa3 23. Rxa3 Ke7 24. Nd6 Rf8 25. Qc2 Ba8 26. Qe4 Rg8 27. a5 c5 28. Qc2 Bxg2 29. Qxg2 cxd4 30. exd4 bxa5 31. Ne4 Qb6 32. Qd2 Ke8 33. Kh2 Ke7 34. Nf6 Nxf6 35. exf6+ Kd7 36. Qxa5 Rb8 37. Qxa7+ Qxa7 38. Rxa7+ Ke8 39. Rc1 g5 40. Rcc7 Kf8 41. b4 Kg8 42. b5 Rh6 43. Rxf7 Rxb5 44. Rg7+ Kf8 45. Ra8+ 1-0

[Event "Smith & Williamson YM-B 10th"]
[Site "Witley"]
[Date "2000.07.22"]
[Round "11"]
[White "Lutton, Josiah Ezra"]
[Black "Mutton, Jonathan B"]
[Result "1-0"]
[WhiteElo "2065"]
[BlackElo "2092"]
[PlyCount "49"]
[EventDate "2000.07.17"]
[EventType "swiss"]
[EventRounds "11"]
[EventCountry "ENG"]
[SourceTitle "EXT 2001"]
[Source "ChessBase"]
[SourceDate "2000.11.22"]
[SourceVersion "1"]
[SourceVersionDate "2000.11.22"]
[SourceQuality "1"]

1. e4 c5 2. Nc3 Nc6 3. f4 g6 4. Nf3 Bg7 5. Bb5 Nd4 6. Bd3 d6 7. Nxd4 cxd4 8. Ne2 Nf6 9. c3 dxc3 10. bxc3 Bd7 11. Bc2 Bc6 12. d3 e5 13. 0-0 Qb6+ 14. Kh1 0-0 15. Qe1 Rae8 16. f5 Qd8 17. Qh4 Nh5 18. Qh3 d5 19. Ba3 dxe4 20. dxe4 Qd2 21. Bd3 Rd8 22. Rfd1 Rxd3 23. Rxd2 Rxh3 24. Bxf8 Re3 25. Bc5 1-0

[Event "Southend op"]
[Site "London"]
[Date "2000.??.??"]
[Round "3"]
[White "Anderson, John"]
[Black "Mutton, Jonathan B"]
[Result "1-0"]
[WhiteElo "2205"]
[BlackElo "2110"]
[PlyCount "75"]
[EventDate "2000.04.??"]
[EventType "swiss"]
[EventRounds "7"]
[EventCountry "ENG"]
[SourceTitle "EXT 2001"]
[Source "ChessBase"]
[SourceDate "2000.11.22"]
[SourceVersion "1"]
[SourceVersionDate "2000.11.22"]
[SourceQuality "1"]

1. e4 c5 2. Nc3 Nc6 3. Nge2 Nd4 4. d3 e6 5. Nxd4 cxd4 6. Ne2 Bc5 7. c3 dxc3 8. bxc3 e5 9. d4 exd4 10. cxd4 Bb4+ 11. Bd2 Qe7 12. Bxb4 Qxb4+ 13. Qd2 Qxd2+ 14. Kxd2 b6 15. Nc3 d6 16. Rc1 Bd7 17. Nd5 Kd8 18. Ba6 Ne7 19. Nxe7 Kxe7 20. Rc7 Rhd8 21. Rhc1 Ke8 22. Bb7 Rab8 23. Bd5 a5 24. Ra7 f6 25. Rcc7 Rbc8 26. Rcb7 Rb8 27. Rxd7 Rxd7 28. Bc6 Rbd8 29. Kd3 d5 30. exd5 Ke7 31. Rxd7+ Rxd7 32. Bxd7 Kxd7 33. a4 f5 34. Kc4 Kd6 35. f4 h6 36. h4 g6 37. g3 h5 38. Kb5 1-0

[Event "BCF-ch 85th"]
[Site "Torquay"]
[Date "1998.07.31"]
[Round "5"]
[White "Mutton, Jonathan B"]
[Black "Wall, Gavin"]
[Result "0-1"]
[WhiteElo "2090"]
[BlackElo "2320"]
[PlyCount "62"]
[EventDate "1998.08.??"]
[EventType "swiss"]
[EventRounds "11"]
[EventCountry "ENG"]
[SourceTitle "CBM 066 Extra"]
[Source "ChessBase"]
[SourceDate "1998.11.06"]
[SourceVersion "1"]
[SourceVersionDate "1998.11.06"]
[SourceQuality "1"]

1. e4 e5 2. Nf3 d6 3. d4 exd4 4. Nxd4 Nf6 5. Nc3 Be7 6. Bc4 0-0 7. 0-0 a6 8. a4 Nc6 9. Nxc6 bxc6 10. Bf4 a5 11. Qe2 Nd7 12. e5 d5 13. Bd3 Nc5 14. Qh5 Nxd3 15. cxd3 Rb8 16. Rab1 Rb4 17. Qf3 Bf5 18. Qg3 Rxf4 19. Qxf4 Bxd3 20. Qd4 Bxf1 21. Kxf1 Qb8 22. Ne2 Qb3 23. Nf4 Rb8 24. Rc1 Rb4 25. Qe3 Qxa4 26. g3 Qb5+ 27. Kg1 Qb6 28. Qf3 Rxb2 29. Kg2 Bg5 30. e6 fxe6 31. Nxe6 Rxf2+ 0-1

[Event "Smith & Williamson YM-B 8th"]
[Site "Witley"]
[Date "1998.07.24"]
[Round "10"]
[White "Mutton, Jonathan B"]
[Black "Debbage, Ian A"]
[Result "1-0"]
[WhiteElo "2135"]
[BlackElo "2025"]
[PlyCount "51"]
[EventDate "1998.07.20"]
[EventType "swiss"]
[EventRounds "11"]
[EventCountry "ENG"]
[SourceTitle "EXT 1999"]
[Source "ChessBase"]
[SourceDate "1998.11.16"]
[SourceVersion "1"]
[SourceVersionDate "1998.11.16"]
[SourceQuality "1"]

1. e4 e6 2. d4 d5 3. exd5 exd5 4. c4 c6 5. Nc3 Nf6 6. Nf3 Be7 7. cxd5 Nxd5 8. Bd3 0-0 9. 0-0 Bg4 10. Re1 Bf6 11. Be4 h6 12. h3 Bh5 13. g4 Bg6 14. Bxg6 fxg6 15. Qd3 Bh4 16. Nxd5 cxd5 17. Re6 Rf6 18. Qe2 Rxe6 19. Qxe6+ Kh7 20. g5 Bxg5 21. Bxg5 hxg5 22. Ne5 Qf6 23. Qe8 Qf5 24. Re1 Qxh3 25. Re3 Qf5 26. Nf7 1-0

[Event "Smith & Williamson YM-B 8th"]
[Site "Witley"]
[Date "1998.07.23"]
[Round "8"]
[White "Longson, Alexander"]
[Black "Mutton, Jonathan B"]
[Result "1/2-1/2"]
[WhiteElo "2135"]
[BlackElo "2135"]
[PlyCount "31"]
[EventDate "1998.07.20"]
[EventType "swiss"]
[EventRounds "11"]
[EventCountry "ENG"]
[SourceTitle "EXT 1999"]
[Source "ChessBase"]
[SourceDate "1998.11.16"]
[SourceVersion "1"]
[SourceVersionDate "1998.11.16"]
[SourceQuality "1"]

1. e4 c5 2. Nf3 d6 3. d4 cxd4 4. Nxd4 Nf6 5. Nc3 a6 6. Bc4 e6 7. 0-0 b5 8. Bb3 Be7 9. Qf3 Qb6 10. Be3 Qb7 11. Qg3 b4 12. Na4 Nbd7 13. f3 0-0 14. Bh6 Nh5 15. Qh3 Nhf6 16. Qg3 1/2-1/2

[Event "Smith & Williamson YM-B 8th"]
[Site "Witley"]
[Date "1998.07.22"]
[Round "5"]
[White "Mutton, Jonathan B"]
[Black "Ford, Elise"]
[Result "1-0"]
[WhiteElo "2135"]
[BlackElo "1839"]
[PlyCount "83"]
[EventDate "1998.07.20"]
[EventType "swiss"]
[EventRounds "11"]
[EventCountry "ENG"]
[SourceTitle "EXT 1999"]
[Source "ChessBase"]
[SourceDate "1998.11.16"]
[SourceVersion "1"]
[SourceVersionDate "1998.11.16"]
[SourceQuality "1"]

1. e4 e5 2. Nf3 Nc6 3. Bc4 Bc5 4. c3 Nf6 5. d4 exd4 6. e5 d5 7. Bb5 Ne4 8. cxd4 Bb4+ 9. Bd2 Bxd2+ 10. Nbxd2 0-0 11. 0-0 Bg4 12. Bxc6 bxc6 13. Qc2 Nxd2 14. Nxd2 Rb8 15. Nb3 Rb6 16. Na5 Qe8 17. Rac1 Bd7 18. a3 f6 19. Rfe1 fxe5 20. Rxe5 Qf7 21. b4 a6 22. Rce1 Re8 23. Rxe8+ Bxe8 24. Qc5 Qf8 25. Qe7 Bg6 26. Qxc7 Rb8 27. Nxc6 Re8 28. Ne7+ Kh8 29. Nxg6+ hxg6 30. Rxe8 Qxe8 31. Qc3 Qe4 32. h3 g5 33. Qe3 Qf5 34. Qe8+ Kh7 35. Qh5+ Kg8 36. Qf3 Qb1+ 37. Kh2 Qa2 38. Qf5 Qxa3 39. Qxd5+ Kh7 40. Qe4+ Kg8 41. d5 a5 42. d6 1-0

[Event "BCF-ch 85th"]
[Site "Torquay"]
[Date "1998.??.??"]
[Round "2"]
[White "Alfred, Nathan"]
[Black "Mutton, Jonathan B"]
[Result "1/2-1/2"]
[WhiteElo "2225"]
[BlackElo "2090"]
[PlyCount "43"]
[EventDate "1998.08.??"]
[EventType "swiss"]
[EventRounds "11"]
[EventCountry "ENG"]
[SourceTitle "CBM 066 Extra"]
[Source "ChessBase"]
[SourceDate "1998.11.06"]
[SourceVersion "1"]
[SourceVersionDate "1998.11.06"]
[SourceQuality "1"]

1. e4 c5 2. Nf3 d6 3. d4 cxd4 4. Nxd4 Nf6 5. Nc3 a6 6. Bg5 e6 7. f4 Be7 8. Qf3 Qc7 9. 0-0-0 Nbd7 10. g4 b5 11. Bxf6 Nxf6 12. g5 Nd7 13. f5 Ne5 14. Qh5 g6 15. Qh4 Bd7 16. Bh3 b4 17. Nce2 Rc8 18. Rd2 Nc4 19. fxe6 fxe6 20. Nxe6 Bxe6 21. Bxe6 Nxd2 22. Bxc8 1/2-1/2